Fr. Conceicao Rodrigues College of Engineering

Computer system architecture (Record no. 27368)

MARC details
000 -LEADER
fixed length control field 00398nam a2200181Ia 4500
082 ## - DEWEY DECIMAL CLASSIFICATION NUMBER
Classification number 004.22/MAN
Item number MAN
100 ## - MAIN ENTRY--PERSONAL NAME
Personal name Mano/Morris
250 ## - EDITION STATEMENT
Edition statement 3
245 ## - TITLE STATEMENT
Title Computer system architecture
260 ## - PUBLICATION, DISTRIBUTION, ETC.
Name of publisher, distributor, etc. Pearson Education
Place of publication, distribution, etc. Mumbai
Date of publication, distribution, etc. 2007
366 ## - TRADE AVAILABILITY INFORMATION
Publishers's discount category 20
300 ## - PHYSICAL DESCRIPTION
Extent 520
546 ## - LANGUAGE NOTE
Language note ENGLISH
650 ## - SUBJECT ADDED ENTRY--TOPICAL TERM
Topical term or geographic name entry element Computer Architecture
654 ## - SUBJECT ADDED ENTRY--FACETED TOPICAL TERMS
Focus term computer systems
942 ## - ADDED ENTRY ELEMENTS (KOHA)
Koha item type BOOK
Holdings
Withdrawn status Lost status Damaged status Not for loan Collection Home library Current library Date acquired Source of acquisition Cost, normal purchase price Inventory number Total Checkouts Full call number Barcode Date last seen Cost, replacement price Price effective from Koha item type
        CRC Fr. Agnel's C.Rodrigues College of Engineering Fr. Agnel's C.Rodrigues College of Engineering 17/03/2023 Professional Book house 190.00 438 dt 04/08/2008   004.22/MAN MAN 18289 17/03/2023 210.00   BOOK
        CRC Fr. Agnel's C.Rodrigues College of Engineering Fr. Agnel's C.Rodrigues College of Engineering 17/03/2023 Professional Book house 190.00 438 dt 04/08/2008   004.22/MAN MAN 18290 17/03/2023 210.00   BOOK